Most Obvious Landmarks of the World - Statistics

General Stats
  • This quiz has been taken 69 times
    35 since last reset
  • The average score is 12 of 15
Answer Stats
Landmark City % Correct
Statue of Liberty New York City
100%
Eiffel Tower Paris
100%
Acropolis Athens
96%
______ OperaHouse Sydney
96%
Christ the Redeemer Rio
92%
Buckingham Palace London
88%
Hollywood Sign Los Angeles
75%
CN Tower Toronto
75%
The Kremlin Moscow
71%
Disney World Orlando
67%
Forbidden City Beijing
63%
Angkor Wat(country) Cambodia
63%
Taj Mahal Agra
58%
Gateway Arch St. Louis
58%
Hagia Sofia Istanbul
54%
No matching quizzes found
Score Distribution
Percent of People with Each Score
Percentile by Number Answered
Your Score History
You have not taken this quiz since the last reset